Statistics for Чувене реке

Click here to take the quiz!

General Stats

  • This quiz has been taken 1 089 times
  • The average score is 11 of 20

Answer Stats

ОписРека% Correct
Најдужа река светаНил
96%
Река која протиче кроз четири престоницеДунав
93%
Највећа по запремини водеАмазон
91%
Тече паралелно са ТигромЕуфрат
84%
Највећа река која протиче кроз ПаризСена
78%
Најдужа река ЕвропеВолга
76%
Највећа река која протиче кроз ЛондонТемза
73%
Најдужа река Северне АмерикеМисисипи-Мисури
68%
Најдужа река АзијеЈангцекјанг
59%
Протиче кроз Базел и ДизелдорфРајна
57%
Река која протиче кроз Велики кањонКолорадо
52%
Света река у ХиндуизмуГанг
48%
Друга најдужа река АфрикеКонго
43%
Најдужа река ПакистанаИнд
43%
Највећа река која протиче кроз РимТибар
41%
Чувени Викторијини водопади се налазе на овој рециЗамбези
32%
Граница између Мексика и ТексасаРио Гранде
31%
Најдужа река ИндокинеМеконг
22%
Најдужа река АустралијеМари
13%
Повезује Велика језера са АтлантикомСен Лорен
8%

Score Distribution

Percentile by Number Answered

Percent of People with Each Score

Your Score History

You have not taken this quiz